| 000 | 00428nam a22001457a 4500 | ||
|---|---|---|---|
| 020 | _a9789332518407 | ||
| 040 | _cnust | ||
| 082 |
_a004.16 _bMAZ |
||
| 100 | _aMazidi Ali Muhammad | ||
| 110 |
_aNaimi Sarmad, Naimi Sepehr _991957 |
||
| 245 | _aThe AVR Microcontroller and Embedded System | ||
| 260 |
_aIndia: _bPearson Education Inc, _c2018. |
||
| 650 |
_aThe AVR Microcontroller and Embedded System _9122776 |
||
| 942 |
_2ddc _cBK |
||
| 999 |
_c609215 _d609215 |
||